MARC details
| 000 -LEADER |
| fixed length control field |
02840fam a2200325 a 4500 |
| 001 - CONTROL NUMBER |
| control field |
2155541 |
| 005 - DATE AND TIME OF LATEST TRANSACTION |
| control field |
20100221080507.0 |
| 008 - FIXED-LENGTH DATA ELEMENTS--GENERAL INFORMATION |
| fixed length control field |
971112s1998 nyuj b 001 0 eng |
| 010 ## - LIBRARY OF CONGRESS CONTROL NUMBER |
| LC control number |
97046478 |
| 020 ## - INTERNATIONAL STANDARD BOOK NUMBER |
| International Standard Book Number |
0195120582 |
| 035 ## - SYSTEM CONTROL NUMBER |
| System control number |
(OCoLC)37980852 |
| 035 ## - SYSTEM CONTROL NUMBER |
| System control number |
(OCoLC)ocm37980852 |
| 035 ## - SYSTEM CONTROL NUMBER |
| System control number |
(NNC)2155541 |
| 040 ## - CATALOGING SOURCE |
| Original cataloging agency |
DLC |
| Transcribing agency |
DLC |
| Modifying agency |
NNC |
| -- |
OrLoB-B |
| 050 00 - LIBRARY OF CONGRESS CALL NUMBER |
| Classification number |
BP189.68 |
| Item number |
.T75 1998 |
| 100 1# - MAIN ENTRY--PERSONAL NAME |
| Personal name |
Trimingham, J. Spencer |
| Fuller form of name |
(John Spencer), |
| Dates associated with a name |
1904- |
| 245 14 - TITLE STATEMENT |
| Title |
The Sufi orders in Islam / |
| Statement of responsibility, etc |
J. Spencer Trimingham ; with a new introduction by John O. Voll. |
| 260 ## - PUBLICATION, DISTRIBUTION, ETC. (IMPRINT) |
| Place of publication, distribution, etc |
New York : |
| Name of publisher, distributor, etc |
Oxford University Press, |
| Date of publication, distribution, etc |
1998. |
| 263 ## - PROJECTED PUBLICATION DATE |
| Projected publication date |
9804 |
| 300 ## - PHYSICAL DESCRIPTION |
| Extent |
xx, 333 p. : |
| Other physical details |
geneal. tables ; |
| Dimensions |
20 cm. |
| 504 ## - BIBLIOGRAPHY, ETC. NOTE |
| Bibliography, etc |
Includes bibliographical references (p. [282]-299) and index. |
| 505 00 - FORMATTED CONTENTS NOTE |
| Title |
Foreword / |
| Statement of responsibility |
John O. Voll -- |
| Miscellaneous information |
I. |
| Title |
The Formation of Schools of Mysticism -- |
| Miscellaneous information |
II. |
| Title |
The Chief Tariqa Lines -- |
| Miscellaneous information |
III. |
| Title |
The Formation of Ta'ifas -- |
| Miscellaneous information |
IV. |
| Title |
Nineteenth-Century Revival Movements -- |
| Miscellaneous information |
V. |
| Title |
The Mysticism and Theosophy of the Orders -- |
| Miscellaneous information |
VI. |
| Title |
The Organization of the Orders -- |
| Miscellaneous information |
VII. |
| Title |
Ritual and Ceremonial -- |
| Miscellaneous information |
VIII. |
| Title |
Role of the Orders in the Life of Islamic Society -- |
| Miscellaneous information |
IX. |
| Title |
The Orders in the Contemporary Islamic World -- |
| Miscellaneous information |
App. A. |
| Title |
Relating to Early Silsilas -- |
| Miscellaneous information |
App. B. |
| Title |
Sufis, Malamatis, and Qalandaris -- |
| Miscellaneous information |
App. C. |
| Title |
Suhrawardi Silsilas -- |
| Miscellaneous information |
App. D. |
| Title |
Qadiri Groups -- |
| Miscellaneous information |
App. E. |
| Title |
Independent Orders of the Badawiyya and Burhaniyya -- |
| Miscellaneous information |
App. F. |
| Title |
Shadhili Groups in the Maghrib deriving from al-Jazuli -- |
| Miscellaneous information |
App. G. |
| Title |
Madyani and Shadhili Groups in Egypt and Syria -- |
| Miscellaneous information |
App. H. |
| Title |
Rifa'i Ta'ifas in the Arab World. |
| 520 ## - SUMMARY, ETC. |
| Summary, etc |
Sufism, the name given to Islamic mysticism, has been the subject of many studies, but the orders through which the organizational aspect of the Sufi spirit was expressed have been neglected. Here, author J. Spencer Trimingham offers a clear and detailed account of the formation and development of the Sufi schools and orders (tariqas) from the second century of Islam until modern times. |
| 520 8# - SUMMARY, ETC. |
| Summary, etc |
Trimingham focuses on the practical disciplines behind the mystical aspects of Sufism which initially attracted a Western audience. He shows how Sufism developed and changed, traces its relationship to the unfolding and spread of mystical ideas, and describes in sharp detail its rituals and ceremonial practices. Finally, he assesses the influence of these Sufi orders upon Islamic society in general. |
| 650 #0 - SUBJECT ADDED ENTRY--TOPICAL TERM |
| Topical term or geographic name as entry element |
Sufism. |
| 900 ## - EQUIVALENCE OR CROSS-REFERENCE-PERSONAL NAME [LOCAL, CANADA] |
| Numeration |
TOC |
| 942 ## - ADDED ENTRY ELEMENTS (KOHA) |
| Source of classification or shelving scheme |
Library of Congress Classification |
| Item type |
Book |